|
|
|
|
| LEADER |
00861nam a2200217 a 4500 |
| 001 |
GR-MES1708 |
| 008 |
991111s gr 000 0 gre d |
| 020 |
|
|
|a 9602390581
|
| 040 |
|
|
|a GrPaTEI
|b gre
|c GR-PaULI
|
| 245 |
0 |
0 |
|a Βήματα προς το στρατηγικό μάνατζμεντ.
|
| 260 |
|
|
|a Θεσσαλονίκη :
|b Μαλλιάρης-Παιδεία,
|c c1990
|
| 300 |
|
|
|a 293σελ. :
|b πιν.
|
| 650 |
|
4 |
|a Επιχείρηση
|
| 650 |
|
4 |
|a Μάνατζμεντ
|
| 700 |
1 |
|
|a Molz, R.
|
| 700 |
1 |
|
|a Δαρβέρης, Α.
|
| 710 |
0 |
|
|a Μαλλιάρης-Παιδεία
|
| 942 |
|
|
|2 ddc
|
| 952 |
|
|
|0 0
|1 0
|2 ddc
|4 0
|6 658_000000000000000_MOL
|7 0
|9 265991
|a MSLG
|b MSLG
|c BSC
|d 2021-01-17
|e 24
|f 0
|g 0.00
|l 0
|o 658 MOL
|p 2420000011783
|r 2021-01-17 00:00:00
|t 1
|w 2021-01-17
|y BK15
|x 19991111 0 1
|x GrPaTEI
|
| 971 |
|
|
|a .b25727515
|b 15-04-20
|c 13-09-16
|
| 999 |
|
|
|c 152919
|d 152919
|